Countries mentioned in the Wikipedia Page of Russia - Statistics

General Stats
  • This quiz has been taken 2,433 times
    2,091 since last reset
  • The average score is 15 of 19
Answer Stats
Frequency Context Country % Correct
11 Following the Russian invasion of ... in 2022 Ukraine
100%
2 European Union including ... United Kingdom
100%
6 Relations with the Western world; especially ... have worsened. United States
99%
3 Relations between Russia and ... have significantly strengthened China
97%
3 On 22 June 1941, ... invaded the Soviet Union Germany
97%
1 The Soviet Union entered World War II with its invasion of ... Poland
94%
1 Maintains close relations with neighbouring ... Belarus
92%
1 During the Napoleonic Wars, Russia fought against ... France
92%
2 Kunashir Island of the Kuril Islands is merely 20 km from ... Japan
91%
2 The Soviet Union invaded ... Finland
87%
3 In 1979, Soviet forces invaded ... Afghanistan
84%
3 Peter defeated ... in the Great Northern War. Sweden
81%
1 ... is the largest customer of Russian military equipment. India
74%
1 ... deployment of Soviet missiles in ... Cuba
69%
3 ... deployment of the Jupiter missiles in ... Turkey
69%
1 Maintains cordial relations with ... Iran
67%
1 Is second only to ... by total renewable water resources. Brazil
51%
2 ... has been a historically close ally of Russia. Serbia
49%
1 Eastern parts of ... were occupied by Red Army. Austria
48%
No matching quizzes found
Score Distribution
Percent of People with Each Score
Percentile by Number Answered
Your Score History
You have not taken this quiz since the last reset